Loading...

Aspects of south Indian history /

Bibliografiske detaljer
Andre forfattere: Alsiar, Jetc (Editor)
Sprog:Undetermined
Udgivet: Nagarcoil : Rajesh Pub , 2000.
Fag:
LEADER 00517nam a2200157Ia 4500
001 124493
008 170722s9999 xx 000 0 und d
245 |a Aspects of south Indian history / 
260 |a Nagarcoil :  |b Rajesh Pub ,  |c 2000. 
300 |a 315 p. 
653 |a History 
653 |a South India 
700 |a Alsiar, Jetc  |e editor. 
942 |c GEN 
999 |c 122006  |d 122006 
952 |0 0  |1 0  |4 0  |6 V_21X_P0  |7 0  |9 172544  |a LIB  |b LIB  |d 2013-03-25  |e Modern Book Centre  |l 5  |o V21x P0  |p 239132  |r 2020-10-28  |s 2020-02-06  |v 300.00  |w 2017-08-12  |y GEN